40 Personnages de la Casa de Papel - Statistiques

Statistiques générales
  • Ce quiz a été pris 1 191 fois
  • Le résultat moyen est 15 sur 40
Statistiques - réponses
Hint Réponse % Correct
1 Tokyo
98%
3 Berlin
93%
6 Rio
93%
2 Le Professeur
91%
5 Denver
90%
4 Nairobi
88%
7 Helsinki
85%
12 Oslo
83%
8 Lisbonne
81%
13 Moscou
79%
18 Marseille
70%
11 Stockholm
68%
14 Palerme
67%
9 Bogota
61%
10 Manille
52%
22 Suárez
34%
34 Alicia Sierra
33%
17 Arturo Roman
28%
16 Gandia
27%
39 Benjamin
24%
19 Tatiana
21%
15 Alison Parker
16%
40 Rafael
16%
21 Angel Rubio
13%
20 Luis Tamayo
12%
26 Alfonso Prieto
9%
24 Matias Cano
7%
31 Amanda
6%
23 Ariadna Cascales
5%
33 Marivi
5%
38 Paquita
4%
27 Paula Murillo
4%
25 Antonanzas
3%
36 Gomez
3%
37 Martinez
3%
29 Mercedes Colmenar
3%
35 Pablo Ruiz
3%
32 Francisco Torres
2%
28 Mario Urbaneja
2%
30 Miguel Fernández
2%
Aucun quiz correspondant
Distribution des résultats
% des personnes avec chaque résultat
Percentile par nombre de réponses
Votre historique - résultats
Vous n’avez pas pris ce quiz